<?xml version="1.0" encoding="UTF-8"?>
<record
    xmlns:xsi="http://www.w3.org/2001/XMLSchema-instance"
    xsi:schemaLocation="http://www.loc.gov/MARC21/slim http://www.loc.gov/standards/marcxml/schema/MARC21slim.xsd"
    xmlns="http://www.loc.gov/MARC21/slim">

  <leader>00657cam a22002051  4500</leader>
  <controlfield tag="001">ne 64002749 </controlfield>
  <controlfield tag="003">DLC</controlfield>
  <controlfield tag="005">20260227111806.0</controlfield>
  <controlfield tag="008">870129s1951    ir abch       000 0 perr </controlfield>
  <datafield tag="010" ind1=" " ind2=" ">
    <subfield code="a">ne 64002749 </subfield>
  </datafield>
  <datafield tag="035" ind1=" " ind2=" ">
    <subfield code="a">(OCoLC)23580515</subfield>
  </datafield>
  <datafield tag="040" ind1=" " ind2=" ">
    <subfield code="a">DLC</subfield>
    <subfield code="c">MiU</subfield>
    <subfield code="d">DLC</subfield>
  </datafield>
  <datafield tag="042" ind1=" " ind2=" ">
    <subfield code="a">premarc</subfield>
  </datafield>
  <datafield tag="050" ind1="0" ind2="0">
    <subfield code="a">E178</subfield>
    <subfield code="b">.A558</subfield>
  </datafield>
  <datafield tag="100" ind1="1" ind2=" ">
    <subfield code="a">&#x2BB;&#x100;mir&#x12B;, Sul&#x1E6D;&#x101;n Mu&#x1E25;ammad,</subfield>
    <subfield code="d">1892 or 1893-</subfield>
  </datafield>
  <datafield tag="245" ind1="1" ind2="0">
    <subfield code="a">T&#x101;r&#x12B;kh-i Kishvarh&#x101;-yi Mutta&#x1E25;idah-i Amrik&#x101;,</subfield>
    <subfield code="c">ta&#x2BC;l&#x12B;f Sal&#x1E6D;an Mu&#x1E25;ammad &#x2BB;&#x100;mir&#x12B;.</subfield>
  </datafield>
  <datafield tag="260" ind1=" " ind2=" ">
    <subfield code="a">[Tihr&#x101;n]</subfield>
    <subfield code="b">Ch&#x101;p-i Tab&#x101;n</subfield>
    <subfield code="c">[muqaddamah 1951]</subfield>
  </datafield>
  <datafield tag="300" ind1=" " ind2=" ">
    <subfield code="a">27, 331 p.</subfield>
    <subfield code="b">illus., facsim., maps, ports.</subfield>
    <subfield code="c">25 cm.</subfield>
  </datafield>
  <datafield tag="651" ind1=" " ind2="0">
    <subfield code="a">United States</subfield>
    <subfield code="x">History</subfield>
  </datafield>
  <datafield tag="999" ind1=" " ind2=" ">
    <subfield code="c">47536</subfield>
    <subfield code="d">47536</subfield>
  </datafield>
</record>
